Statistics for Atlanta Hawks: Most Assists Each Year

Click here to take the quiz!

General Stats

  • This quiz has been taken 58 times
    (15 since last reset)
  • The average score is 20 of 74

Answer Stats

YearPlayerAssists% Correct
2022-2023Trae Young741
100%
2021-2022Trae Young737
100%
2020-2021Trae Young594
100%
2019-2020Trae Young560
100%
2018-2019Trae Young653
100%
1962-1963Lenny Wilkens381
75%
1966-1967Lenny Wilkens442
75%
1965-1966Lenny Wilkens429
75%
1964-1965Lenny Wilkens431
75%
2012-2013Jeff Teague579
58%
2014-2015Jeff Teague513
58%
2013-2014Jeff Teague528
58%
2011-2012Jeff Teague321
58%
2015-2016Jeff Teague470
58%
1983-1984Eddie Johnson374
42%
1984-1985Eddie Johnson566
42%
1982-1983Eddie Johnson318
42%
1980-1981Eddie Johnson407
42%
2008-2009Joe Johnson455
42%
2009-2010Joe Johnson369
42%
2006-2007Joe Johnson249
42%
2005-2006Joe Johnson536
42%
2010-2011Joe Johnson338
42%
2007-2008Joe Johnson474
42%
1990-1991Spud Webb417
42%
1989-1990Spud Webb477
42%
1961-1962Cliff Hagan370
25%
1988-1989Doc Rivers525
25%
1987-1988Doc Rivers747
25%
1985-1986Doc Rivers443
25%
1986-1987Doc Rivers823
25%
1973-1974Pete Maravich396
25%
1971-1972Pete Maravich393
25%
1972-1973Pete Maravich546
25%
2017-2018Dennis Schroder417
17%
2016-2017Dennis Schroder499
17%
1992-1993Mookie Blaylock671
17%
1998-1999Mookie Blaylock278
17%
1997-1998Mookie Blaylock469
17%
1996-1997Mookie Blaylock463
17%
1995-1996Mookie Blaylock478
17%
1994-1995Mookie Blaylock616
17%
1993-1994Mookie Blaylock789
17%
2001-2002Jason Terry444
8%
2002-2003Jason Terry600
8%
2000-2001Jason Terry403
8%
2003-2004Jason Terry437
8%
1999-2000Jason Terry346
8%
1963-1964Richie Guerin371
8%
1959-1960Slater Martin330
8%
1958-1959Slater Martin336
8%
1979-1980Armond Hill424
0%
1978-1979Armond Hill480
0%
1976-1977Armond Hill403
0%
1977-1978Armond Hill427
0%
1953-1954Bil Tosheff196
0%
1955-1956Bob Harrison277
0%
1954-1955Bob Harrison252
0%
1974-1975Dean Meminger397
0%
1950-1951Frankie Brian266
0%
1957-1958Jack McMahon333
0%
1956-1957Jack McMahon367
0%
1960-1961Johnny McCarthy430
0%
1967-1968Lenny Wilkens679
0%
1951-1952Mel Hutchins190
0%
1952-1953Mel Hutchins227
0%
1949-1950Mike Todorovich188
0%
1981-1982Rory Sparrow424
0%
1991-1992Rumeal Robinson446
0%
1975-1976Tom Henderson374
0%
2004-2005Tyronn Lue264
0%
1968-1969Walt Hazzard474
0%
1969-1970Walt Hazzard561
0%
1970-1971Walt Hazzard514
0%

Score Distribution

Percentile by Number Answered

Percent of People with Each Score

Your Score History

You have not taken this quiz since the last reset